Lettres de Jean-Arthur Rimbaud (Record no. 163535)

MARC details
000 -LEADER
campo de control de longitud fija 00776nam a2200205 i 4500
001 - NÚMERO DE CONTROL
campo de control 163535
003 - IDENTIFICADOR DE NÚMERO DE CONTROL
campo de control ES-MaACL
005 - FECHA Y HORA DE LA ÚLTIMA TRANSACCIÓN
campo de control 20240410063035.0
008 - DATOS DE LONGITUD FIJA--INFORMACIÓN GENERAL
campo de control de longitud fija 050713s1899 fr | |||||||| ||fre d
040 ## - FUENTE DE CATALOGACIÓN
Centro catalogador/agencia de origen CAM
Lengua de catalogación spa
Centro/agencia transcriptor CAM
100 1# - ENTRADA PRINCIPAL--NOMBRE DE PERSONA
Nombre de persona Rimbaud, Arthur,
Fechas asociadas al nombre 1854-1891
9 (RLIN) 97237
245 10 - MENCIÓN DEL TÍTULO
Título Lettres de Jean-Arthur Rimbaud
Resto del título : Egypte, Arabie, Ethiopie /
Mención de responsabilidad, etc. avec une introduction et des notes par Paterne Berrichon.
250 ## - MENCION DE EDICION
Mención de edición 2e éd.
260 ## - PUBLICACIÓN, DISTRIBUCIÓN, ETC.
Lugar de publicación, distribución, etc. Paris :
Nombre del editor, distribuidor, etc. Société du Mercure de France,
Fecha de publicación, distribución, etc. 1899 (
Lugar de fabricación/manufactura Poitiers :
Fabricante Blais et Roy)
300 ## - DESCRIPCIÓN FÍSICA
Extensión 271 p., [1] h. de lám. ;
Dimensiones 19 cm.
599 ## - NOTA A LAS ILUSTRACIONES
NOTA A LAS ILUSTRACIONES La h. de lám. es un facsimil de una carta de Ménélick a Rimbaud.
700 0# - ENTRADA AGREGADA--NOMBRE PERSONAL
Nombre de persona Berrichon, Paterne.
9 (RLIN) 28376
852 ## - LOCALIZACIÓN
Ubicación ES-MaACL
Número de control de estantería F-7912
Holdings
Estatus retirado Estado de pérdida Estado de daño No para préstamo Colección Biblioteca de origen Biblioteca actual Ubicación en estantería Fecha de adquisición Fuente de adquisición Total de préstamos Signatura topográfica completa Código de barras Visto por última vez Precio de reemplazo Tipo de ítem Koha
        Libros del s. XIX Biblioteca del Ateneo de Madrid Biblioteca del Ateneo de Madrid Sala Pecera Planta 2 17/01/2008     F-7912 1171367 23/02/2023 23/02/2023 Libro impreso antiguo